| 000 | 03056nam a2200301 4500 | ||
|---|---|---|---|
| 001 | ESSALUD | ||
| 005 | 20260701150122.0 | ||
| 007 | ta | ||
| 008 | t pe ||||| |||| 00| 0 spa d | ||
| 040 | _aBMG | ||
| 041 | _aspa | ||
| 100 |
_aRoca Ledesma, Carla Mijal _eAutor _948376 |
||
| 245 | _aEl daño por pérdida de oportunidad procesal en la responsabilidad civil del abogado. Análisis comparado entre España y Perú | ||
| 246 | _aDamage from loss of procedural opportunity in the civil liability of lawyers. A comparative analysis between Spain and Peru | ||
| 300 | _apáginas 110-131 | ||
| 520 | _aLa pérdida de oportunidad constituye una de las figuras más controvertidas y relevantes del moderno derecho de daños. En el ámbito de la responsabilidad civil profesional del abogado, esta categoría adquiere especial trascendencia cuando la actuación negligente del letrado frustra la posibilidad del cliente de obtener una resolución judicial favorable. El presente artículo analiza la pérdida de oportunidad procesal desde una perspectiva dogmática y jurisprudencial, con especial énfasis en su configuración como daño autónomo y patrimonial, su diferenciación frente a otros tipos de daños tradicionalmente reconocidos y los métodos de cuantificación empleados. El estudio adopta un enfoque comparado entre los ordenamientos jurídicos de España y Perú, evidenciando el mayor desarrollo jurisprudencial español y la todavía incipiente construcción doctrinal peruana. Finalmente, se formulan propuestas interpretativas orientadas a una correcta recepción de la figura en el Derecho peruano. | ||
| 520 | _aLoss of chance has become one of the most debated doctrines in contemporary tort low. With in the context of professional civil liability of lawyers, this concept plays o crucial role when negligent legal conduct deprives o client of the opportunity to obtain o favorable judicial outcome. This article examines procedural loss of chance from o doctrinal and jurisprudential perspective, focusing on its recognition as an autonomous and patrimonial damage, its distinction from traditional categories of damage, and the methods used for its quantification. A comparative analysis between Spanish and Peruvian legal systems highlights the advanced development of Spanish case low and the still incipient Peruvian approach. The article concludes with interpretative proposals aimed at facilitating the proper incorporation of this doctrine into Peruvian civil liability law. | ||
| 650 |
_aPÉRDIDA DE OPORTUNIDAD _953068 |
||
| 650 |
_aRESPONSABILIDAD CIVIL DEL ABOGADO _953069 |
||
| 650 |
_aDAÑO PATRIMONIAL _953070 |
||
| 650 |
_aCUANTIFICACIÓN DEL DAÑO _953071 |
||
| 650 |
_aLOSS OF CHANCE _953072 |
||
| 650 |
_aLAWYER'S CIVIL LIABILITY _953073 |
||
| 650 |
_aPATRIMONIAL DAMAGE _953074 |
||
| 650 |
_aDAMAGE ASSESSMENT _953075 |
||
| 773 | 0 |
_022573 _922621 _dLima Grupo Praxis Formación Profesional, 2026- _oPRA002 _tPraxis Civil & Procesal Civil _wESSALUD _x3119-7671 |
|
| 942 |
_cARTICULOS _e2026-07-01 _zsqb |
||
| 999 |
_c22602 _d22602 |
||